Computational biology / (Record no. 39913)

MARC details
000 -LEADER
fixed length control field 00993nam a22002417a 4500
005 - DATE AND TIME OF LATEST TRANSACTION
control field 20100806162120.0
010 ## - LCCN (DPL NO)
LC control number ENG-98578
020 ## - INTERNATIONAL STANDARD BOOK NUMBER
International Standard Book Number 9788180940637
Terms of availability 450.00
035 ## - SYSTEM CONTROL NUMBER
System control number EN-82111
035 ## - SYSTEM CONTROL NUMBER
System control number G-001322
037 ## - SOURCE OF ACQUISITION
Source of stock number/acquisition DBAD/PUB
082 ## - DEWEY DECIMAL CLASSIFICATION NUMBER
Classification number 570.113
100 ## - MAIN ENTRY--PERSONAL NAME
Personal name Thiagarajan,B
245 ## - TITLE STATEMENT
Title Computational biology /
Statement of responsibility, etc by B Thiagarajan [and] Pa Rajalakshmi
260 ## - PUBLICATION, DISTRIBUTION, ETC. (IMPRINT)
Place of publication, distribution, etc Chennai
Name of publisher, distributor, etc MJP Publications
Date of publication, distribution, etc 2009
270 ## - ADDRESS
Address 47, Nallathambi Street
City New Delhi
Postal code 600005
300 ## - PHYSICAL DESCRIPTION
Extent xxiv,493p
Dimensions 23cm(pbk)
500 ## - GENERAL NOTE
General note Includes bibliographical references and index
700 ## - ADDED ENTRY--PERSONAL NAME
Personal name Rajalakshmi, Pa
9 (RLIN) 8078
942 ## - ADDED ENTRY ELEMENTS (KOHA)
Source of classification or shelving scheme Dewey Decimal Classification
Item type English Books
Classification part 570.113
Call number suffix THI
Holdings
Withdrawn status Lost status Not for loan Collection code Home library Current library Date acquired Source of acquisition Cost, normal purchase price Full call number Barcode Copy number Cost, replacement price Koha item type
    Not For Loan Non-fiction D.B.Act.Division D.B.Act.Division 06/08/2010 DBAD/PUB 450.00 570.113 THI EN-82111 1 450.00 English Books
      Non-fiction Janak Puri Janak Puri 01/09/2011 bppd/gift 450.00 570.113 THI G-001322 1 450.00 English Books

© Delhi Public Library
Hit Counter
free hit counter